Normal view MARC view

Entry Nombre personal

Number of records used in: 10

001 - NÚMERO DE CONTROL

  • campo de control: 100638

003 - IDENTIFICADOR DE NÚMERO DE CONTROL

  • campo de control: SpMaBN

005 - FECHA Y HORA DE LA ÚLTIMA TRANSACCIÓN

  • campo de control: 20230802193935.0

008 - ELEMENTOS DE DATO DE LONGITUD-FIJA

  • campo de control de longitud fija: 930115n| aijnnaabn |a aaa

016 ## - NÚMERO DE CONTROL DE UNA AGENCIA BIBLIOGRÁFICA NACIONAL

  • Número de control del registro: BNE19930036111

024 7# - IDENTIFICADOR DE OTROS ESTÁNDARES

  • Número estándar o código: http://viaf.org/viaf/12163540/
  • Fuente: viaf

024 7# - IDENTIFICADOR DE OTROS ESTÁNDARES

  • Número estándar o código: https://isni.org/isni/0000000059523560
  • Fuente: isni

024 7# - IDENTIFICADOR DE OTROS ESTÁNDARES

  • Número estándar o código: http://www.wikidata.org/entity/Q5851133
  • Fuente: wikidata

040 ## - FUENTE DE CATALOGACIÓN

  • Centro catalogador/agencia de origen: SpMaBN
  • Lengua de catalogación: spa
  • Centro/agencia transcriptor: SpMaBN
  • Normas de descripción: rdc
  • Convención/Normas de encabezamiento de materia/tesauro: embne

046 ## - FECHAS CON CODIFICACIÓN ESPECIAL

  • Fecha de nacimiento: 1885
  • Fecha de la muerte: 1954

100 1# - ENCABEZAMIENTO-NOMBRE DE PERSONA

  • Nombre de persona: Ruiz Albéniz, Víctor,
  • Fechas asociadas al nombre: 1885-1954

370 ## - LUGAR ASOCIADO

  • Lugar de nacimiento: Mayagüez
  • Número de control del registro de autoridad o número normalizado: XX5748178
  • Fuente de información: Wikidata

372 ## - CAMPO DE ACTIVIDAD

  • Campo de actividad: Estudios madrileños
  • Fuente de información: Wikidata

373 ## - GRUPO ASOCIADO

  • Grupo asociado: Asociación de la Prensa de Madrid
  • Fuente de información: Wikidata

373 ## - GRUPO ASOCIADO

  • Grupo asociado: Ateneo de Madrid
  • Fuente de información: Listado de socios anteriores a 1 de abril de 1939 (Archivo del Ateneo); Ateneo de Madrid: memoria 1962-1967

374 ## - OCUPACIÓN

  • Ocupación: Escritores
  • Ocupación: Periodistas
  • Fuente de información: Wikidata

375 ## - GÉNERO/SEXO

  • Género: Masculino

377 ## - IDIOMA ASOCIADO

  • Término de lengua/lenguaje: Español

400 0# - TRAZADO DE VÉASE--NOMBRE DE PERSONA

  • Nombre de persona: Chispero,
  • Fechas asociadas al nombre: 1885-1954

400 0# - TRAZADO DE VÉASE--NOMBRE DE PERSONA

  • Nombre de persona: El Tebib Arrumi,
  • Fechas asociadas al nombre: 1885-1954

400 0# - TRAZADO DE VÉASE--NOMBRE DE PERSONA

  • Nombre de persona: Tebib Arrumi,
  • Fechas asociadas al nombre: 1885-1954

670 ## - FUENTE DE DATOS ENCONTRADOS

  • Cita de la fuente: Monografía sobre colonización rural en Marruecos español, 1930
  • Información encontrada: port. (Víctor Ruiz Albéniz) p. 1 de la cub. (Víctor Ruiz Albéniz (El Tebib Arrumi))

670 ## - FUENTE DE DATOS ENCONTRADOS

  • Cita de la fuente: España en el Rif (1908-1921), 1994
  • Información encontrada: solapa (Víctor Ruiz Albéniz, 1885-1954)

670 ## - FUENTE DE DATOS ENCONTRADOS

  • Cita de la fuente: ¡Aquel Madrid--! : (1900-1914), 1944
  • Información encontrada: port. (Víctor Ruiz Albéniz "Chispero")

670 ## - FUENTE DE DATOS ENCONTRADOS

  • Cita de la fuente: Dic. de seud. literarios españoles, de Rogers y Lapuente, 1977
  • Información encontrada: (Ruiz Albéniz, Víctor; seud.: Acorde; Chispero; El Tebib Arrumi)

670 ## - FUENTE DE DATOS ENCONTRADOS

  • Cita de la fuente: Fondo fotográfico de la guerra civil española

670 ## - FUENTE DE DATOS ENCONTRADOS

  • Cita de la fuente: WWW BN España aut., 02/08/2023
  • Información encontrada: (Ruiz Albéniz, Víctor, 1885-1954)

678 ## - DATOS BIOGRÁFICOS O HISTÓRICOS

  • Datos biográficos o históricos: Socio del Ateneo de Madrid n. 8562
  • Ampliación de la nota: Fuentes: Listado de socios anteriores a 1 de abril de 1939 (Archivo del Ateneo); Ateneo de Madrid: memoria 1962-1967